Home information packs (Record no. 105439)

MARC details
000 -LEADER
fixed length control field 01705cam a2200289 4500
001 - CONTROL NUMBER
control field ##L133646
008 - FIXED-LENGTH DATA ELEMENTS--GENERAL INFORMATION
fixed length control field 060525n2006 000 0 eng u
020 ## - INTERNATIONAL STANDARD BOOK NUMBER
International Standard Book Number 1853289892
-- 9781853289897
035 ## - SYSTEM CONTROL NUMBER
System control number (Sirsi) u133646
041 0# - LANGUAGE CODE
Language code of text/sound track or separate title eng
050 04 - LIBRARY OF CONGRESS CALL NUMBER
Classification number 333.333 $2 18
100 1# - MAIN ENTRY--PERSONAL NAME
Personal name Garson, Michael
245 00 - TITLE STATEMENT
Title Home information packs
Remainder of title a guide to the new law
260 ## - PUBLICATION, DISTRIBUTION, ETC.
Place of publication, distribution, etc. London
Name of publisher, distributor, etc. Law Society
Date of publication, distribution, etc. 2006
300 ## - PHYSICAL DESCRIPTION
Extent xxviii, 323p.
Dimensions 24cm.
350 ## - PRICE (NR) (BK AM CF MU VM SE) [OBSOLETE]
Price 34.95
505 1# - FORMATTED CONTENTS NOTE
Formatted contents note New concepts and definitions -- Transitional period, excluded property and new homes -- Contents of the home information pack -- Home condition report and energy performance certificate -- Responsible person -- Key players -- Preparing the home information pack -- Enforcement -- Remedies -- Complaints and redress -- The dry run -- The future
520 ## - SUMMARY, ETC.
Summary, etc. Provides guidance for property professionals and lawyers on the new regime introduced by the Housing Act 2004 Part V. Considers the implications of home information packs and the changes required to current practice from the different perspectives of surveyors, estate agents, conveyancers, buyers and sellers. Appendices include Part V of the Act and subsidiary regulations, related legislation, a sample home condition report and energy performance certificate, forms from draft regulations, and various checklists. Bibliography.
590 ## - LOCAL NOTE (RLIN)
Local note KA
650 24 - SUBJECT ADDED ENTRY--TOPICAL TERM
Topical term or geographic name entry element HOUSING ACT 2004 PART V
650 24 - SUBJECT ADDED ENTRY--TOPICAL TERM
Topical term or geographic name entry element HOME INFORMATION PACK REGULATIONS 2006
650 24 - SUBJECT ADDED ENTRY--TOPICAL TERM
Topical term or geographic name entry element HOME INFORMATION PACKS
651 #4 - SUBJECT ADDED ENTRY--GEOGRAPHIC NAME
Geographic name England and Wales
Chronological subdivision 1543-
690 ## - LOCAL SUBJECT ADDED ENTRY--TOPICAL TERM (OCLC, RLIN)
Topical term or geographic name as entry element PROPERTY-RESIDENTIAL PROPERTY-ACQUISITION AND DISPOSAL OF RESIDENTIAL PROPERTY-HOME BUYING REFORM
942 ## - ADDED ENTRY ELEMENTS (KOHA)
Suppress in OPAC 0
Holdings
Withdrawn status Lost status Source of classification or shelving scheme Damaged status Not for loan Home library Current library Shelving location Date acquired Cost, normal purchase price Total Checkouts Full call number Barcode Date last seen Date last checked out Copy number Cost, replacement price Price effective from Koha item type
    Dewey Decimal Classification     London London Books 22/11/2006 29.70 4 333.333 GAR 30073451 06/08/2019 10/03/2008 1 29.70 06/08/2019 Book